Statistics for 40 Historical World Leaders

Click here to take the quiz!

General Stats

  • This quiz has been taken 1,308 times
  • The average score is 27 of 40

Answer Stats

HintAnswer% Correct
Bill ClintonUnited States
99%
Mao ZedongChina
98%
Mikhail GorbachevRussia
97%
Charles de GaulleFrance
95%
Fidel CastroCuba
94%
Indira GhandiIndia
94%
Kim-Jong UnNorth Korea
94%
Otto Von BismarckGermany
93%
Tony BlairUnited Kingdom
92%
Genghis KhanMongolia
90%
Pierre TrudeauCanada
86%
Francisco FrancoSpain
86%
Ho Chi MinhVietnam
85%
Muammar GaddafiLibya
79%
Benjamin NetanyahuIsrael
78%
Pol PotCambodia
77%
Hugo ChavezVenezuela
74%
Silvio BerlusconiItaly
72%
Juan PeronArgentina
71%
Shinzo AbeJapan
70%
Park Chung HeeSouth Korea
70%
Salman Bin Abdulaziz Al SaudSaudi Arabia
68%
Robert MugabeZimbabwe
65%
Desmond TutuSouth Africa
61%
Tony AbbottAustralia
60%
Haile SelassieEthiopia
58%
Paul VIVatican City
58%
Mahmoud AhmadinejadIran
57%
Lech WalesaPoland
57%
Aung San Suu KyiMyanmar
51%
Benazir BhuttoPakistan
51%
Francois DuvalierHaiti
49%
Dilma RousseffBrazil
42%
Salvador AllendeChile
42%
Vincente FoxMexico
42%
Evo MoralesBolivia
35%
Corazon AquinoPhilippines
35%
Mobutu Sese SekoDemocratic Republic of Congo
31%
Islam KarimovUzbekistan
26%
Rafael CorreaEcuador
18%

Score Distribution

Percentile by Number Answered

Percent of People with Each Score

Your Score History

You have not taken this quiz